| 000 | 00645nam a2200205 i 4500 | ||
|---|---|---|---|
| 001 | 117879 | ||
| 003 | ES-MaACL | ||
| 005 | 20250806033927.0 | ||
| 007 | t| | ||
| 008 | 070214s1944 sp r ||||1| spa d | ||
| 100 | 1 |
_aPeiró, Francisco Xavier, _d1883-1969 _990003 |
|
| 245 | 1 | 0 |
_aManual de deontología médica / _cpor el Dr. Francisco Xavier Peiro. |
| 250 | _a2ª ed. | ||
| 260 |
_aMadrid : _bUniversidad, Servicio de Publicaciones, _c1944. |
||
| 300 |
_a466 p. ; _c26 cm. |
||
| 650 | 7 |
_aÉtica médica _2embne _912587 |
|
| 710 | 0 | 0 |
_aUniversidad de Madrid. _97205 |
| 852 |
_aES-MaACL _jE-81 _bR.20993 |
||
| 999 |
_c117879 _d117879 |
||